| 000 | 00718cai a22001815a 4500 | ||
|---|---|---|---|
| 001 | E145389 | ||
| 008 | 081002u xxk g 000 0 eng d | ||
| 035 | _a(Sirsi) u145389 | ||
| 041 | 0 | _aeng | |
| 110 | 2 |
_aScottish Building Federation _95621 |
|
| 245 | 0 | 0 | _aScottish Building Federation |
| 520 | _aWebsite of the Scottish Building Federation. Provides access to codes of good practice and good conduct, a 'find a builder' service, and press releases and news stories relating to the construction sector. | ||
| 590 | _aKA | ||
| 651 | 4 |
_aScotland _y1999- |
|
| 690 | _aBUILT ENVIRONMENT | ||
| 856 | 4 | 0 |
_uhttps://www.scottish-building.co.uk _zView the website free of charge at www.scottish-building.co.uk... |
| 942 | _n0 | ||
| 999 |
_c120705 _d120705 |
||